Estudio de prefactibilidad económica para la producción de almidón, dextrina y maltodextrina a partir de banano verde
Salvato in:
| Autore principale: | |
|---|---|
| Natura: | Libro |
| Pubblicazione: |
San José, Costa Rica
2004
|
| Soggetti: | |
| Tags: |
Aggiungi Tag
Nessun Tag, puoi essere il primo ad aggiungerne!!
|
MARC
| LEADER | 00000nam a2200000Ia 4500 | ||
|---|---|---|---|
| 003 | 009887 | ||
| 005 | 20221231144110.0 | ||
| 008 | 140114s2004 cr a 000 ||s d | ||
| 040 | |c cru CEDI | ||
| 090 | |a TFG 5413 | ||
| 100 | |a Sánchez Álvarez, Jorge |9 4949 | ||
| 245 | |a Estudio de prefactibilidad económica para la producción de almidón, dextrina y maltodextrina a partir de banano verde | ||
| 260 | |c 2004 |b San José, Costa Rica | ||
| 300 | |a xii, 103[35]hojas | ||
| 500 | |a Proyecto de graduación (licenciatura en ingeniería química)--Universidad de Costa Rica. Facultad de Ingeniería. Escuela de Ingeniería Química | ||
| 650 | |x ALMIDON DE BANANO - INDUSTRIAS |x BANANO VERDE |9 4950 | ||
| 942 | |c TFG | ||
| 999 | |c 16862 |d 16862 | ||
